| 000 | 00505nam a2200193 u 4500 | ||
|---|---|---|---|
| 005 | 20220613132208.0 | ||
| 008 | 170310s2005 r 000 0 eng d | ||
| 020 | _a9706438009 | ||
| 035 | _aUPN01000216670 | ||
| 049 | _aI | ||
| 050 | 4 |
_aGV1507 W8 _bT7.2 |
|
| 245 | 0 | 0 | _aTrabalenguas divertidos. |
| 260 |
_aMéxico : _bSelector, _c2005. |
||
| 300 |
_a[31] p. : _bil. col. |
||
| 440 | 0 | _aAdivina conmigo | |
| 650 | 4 |
_aJUEGOS DE PALABRAS _912219 |
|
| 650 | 7 |
_aTrabalenguas _2 _913314 |
|
| 905 | _aInfantil | ||
| 999 |
_c188770 _d188770 |
||